[Event "Heusenstamm Sparkassen op-A 3rd"]
[Site "Heusenstamm"]
[Date "2016.11.27"]
[Round "7"]
[White "Mehringer, Joerg"]
[Black "Schellen, Sven"]
[Result "0-1"]
[WhiteElo "1965"]
[BlackElo "1845"]
[PlyCount "114"]
[EventDate "2016.11.24"]
[EventType "swiss"]
[EventRounds "7"]
[EventCountry "GER"]
[SourceTitle "EXT 2018"]
[Source "ChessBase"]
[SourceDate "2017.10.13"]
[SourceVersion "1"]
[SourceVersionDate "2017.10.13"]
[SourceQuality "1"]

1. e4 e5 2. Nf3 Nc6 3. Bc4 Nf6 4. Ng5 d5 5. exd5 Na5 6. Bb5+ c6 7. dxc6 bxc6 8. Bd3 h6 9. Ne4 Nd5 10. 0-0 Nf4 11. Be2 Be7 12. d3 0-0 13. Bxf4 exf4 14. Nbc3 Rb8 15. Rb1 Re8 16. a3 f5 17. Nd2 Bf6 18. Bh5 Re6 19. Re1 Qe7 20. Rxe6 Qxe6 21. Qe2 Qxe2 22. Bxe2 g5 23. Na4 Be6 24. b4 Nb7 25. Bf3 Rc8 26. c4 g4 27. Be2 Re8 28. Kf1 Nd6 29. Nc5 Bf7 30. Ndb3 Re7 31. f3 h5 32. Na5 Be8 33. a4 Bc3 34. Rb3 Bd4 35. Na6 Kg7 36. c5 Nb7 37. Nc4 Bf7 38. Rb1 Bd5 39. Rc1 Kf6 40. Rc2 Kg5 41. Nd2 h4 42. b5 Rh7 43. Nb4 Nxc5 44. Nxc6 Be3 45. Nb4 Bb7 46. a5 h3 47. Nc4 hxg2+ 48. Kxg2 Nb3 49. Nxe3 fxe3 50. Nc6 Rh3 51. fxg4 fxg4 52. Bxg4 Rh6 53. Bf3 Rd6 54. Rc3 Nd2 55. d4 Kf4 56. Be2 Rg6+ 57. Kh1 Ne4 0-1

[Event "Heusenstamm Sparkassen op-A 3rd"]
[Site "Heusenstamm"]
[Date "2016.11.27"]
[Round "6"]
[White "Schellen, Sven"]
[Black "Kirchner, Markus"]
[Result "1-0"]
[WhiteElo "1845"]
[BlackElo "1682"]
[PlyCount "119"]
[EventDate "2016.11.24"]
[EventType "swiss"]
[EventRounds "7"]
[EventCountry "GER"]
[SourceTitle "EXT 2018"]
[Source "ChessBase"]
[SourceDate "2017.10.13"]
[SourceVersion "1"]
[SourceVersionDate "2017.10.13"]
[SourceQuality "1"]

1. d4 Nf6 2. c4 d6 3. Nf3 Nbd7 4. Bf4 Nh5 5. Bg5 h6 6. Bh4 g5 7. Bg3 Bg7 8. e3 Nxg3 9. hxg3 e5 10. Nc3 exd4 11. Nxd4 Ne5 12. Be2 a6 13. Qc2 Qf6 14. Nd5 Qd8 15. Nf5 Bxf5 16. Qxf5 c6 17. Nc3 Qd7 18. Ne4 Ke7 19. Qxd7+ Kxd7 20. 0-0-0 Kc7 21. Nxd6 Rad8 22. c5 f6 23. f4 Ng6 24. Bh5 Ne7 25. e4 Nc8 26. Nf5 Rxd1+ 27. Rxd1 Bf8 28. b4 a5 29. a3 axb4 30. axb4 b6 31. e5 fxe5 32. fxe5 bxc5 33. bxc5 Bxc5 34. e6 Bd6 35. Nxd6 Nxd6 36. e7 Rh7 37. Rxd6 Rxe7 38. Rxh6 Re3 39. Bf3 g4 40. Bxg4 Rxg3 41. Bf3 Kd7 42. Bxc6+ Ke7 43. Bf3 Kf7 44. Kd2 Rg5 45. Ke3 Ra5 46. Kf4 Ra4+ 47. Be4 Kf8 48. Rh7 Kg8 49. Rb7 Ra1 50. g4 Rf1+ 51. Kg5 Rf8 52. Bd5+ Kh8 53. Be4 Re8 54. Bf5 Rg8+ 55. Kh6 Re8 56. g5 Re6+ 57. g6 Re8 58. Rh7+ Kg8 59. Rc7 Rf8 60. Be6+ 1-0

[Event "Heusenstamm Sparkassen op-A 3rd"]
[Site "Heusenstamm"]
[Date "2016.11.27"]
[Round "4"]
[White "Schellen, Sven"]
[Black "Kiselev, Alexander S"]
[Result "0-1"]
[WhiteElo "1845"]
[BlackElo "2149"]
[PlyCount "84"]
[EventDate "2016.11.24"]
[EventType "swiss"]
[EventRounds "7"]
[EventCountry "GER"]
[SourceTitle "EXT 2018"]
[Source "ChessBase"]
[SourceDate "2017.10.13"]
[SourceVersion "1"]
[SourceVersionDate "2017.10.13"]
[SourceQuality "1"]

1. d4 d5 2. c4 c6 3. Nf3 Nf6 4. g3 Bf5 5. Qb3 Qb6 6. Bg2 e6 7. 0-0 Nbd7 8. Nc3 Qxb3 9. axb3 Bc2 10. Nd2 Bb4 11. Re1 0-0 12. Ra2 Rfe8 13. e4 dxe4 14. Ncxe4 Nxe4 15. Bxe4 Bxd2 16. Bxd2 Bxb3 17. Ra3 Bxc4 18. Rae3 Bd5 19. Bc2 f6 20. b4 Kf7 21. h4 g6 22. h5 gxh5 23. Bd1 Kg6 24. Bc2+ f5 25. f3 Nf6 26. Kf2 Kf7 27. Re5 a6 28. Bg5 Nd7 29. R5e3 Nf8 30. Rh1 a5 31. b5 cxb5 32. Rxh5 a4 33. Re5 Ng6 34. Re1 Kg8 35. Reh1 Nf8 36. g4 a3 37. gxf5 a2 38. f6 a1Q 39. Bxh7+ Kf7 40. Bb1 Qxd4+ 41. Kg2 Bxf3+ 42. Kxf3 Ra3+ 0-1

[Event "Eschborn op"]
[Site "Eschborn"]
[Date "2016.09.04"]
[Round "4"]
[White "Schellen, Sven"]
[Black "Rolf, Marco"]
[Result "0-1"]
[WhiteElo "1772"]
[BlackElo "2025"]
[PlyCount "51"]
[EventDate "2016.09.02"]
[EventType "swiss"]
[EventRounds "5"]
[EventCountry "GER"]
[SourceTitle "EXT 2018"]
[Source "ChessBase"]
[SourceDate "2017.10.13"]
[SourceVersion "1"]
[SourceVersionDate "2017.10.13"]
[SourceQuality "1"]

1. d4 Nf6 2. c4 c5 3. Nf3 cxd4 4. Nxd4 Nc6 5. Nc3 g6 6. Nc2 Bg7 7. Rb1 d6 8. e4 Be6 9. Bd2 0-0 10. Be2 Qd7 11. 0-0 Ng4 12. Nd5 f5 13. Nf4 Nge5 14. Nxe6 Qxe6 15. exf5 gxf5 16. b3 f4 17. Bf3 Nxf3+ 18. Qxf3 Qg6 19. Nb4 Nd4 20. Qh3 e6 21. Bc3 f3 22. Qg3 fxg2 23. Kxg2 Qe4+ 24. f3 Rxf3 25. Rxf3 Qxb1 26. Bxd4 0-1